000 00418nam a2200181Ia 4500
001 16437
005 20260306170309.0
008 260306t2022||||xx |||||||||||||| ||und||
041 _aESP
082 _a348.6
_bC34S
100 _aCastillo Guzmán, Jorge
_eAUT
245 0 _aSOS laboral 2022
260 _c2022
300 _a208 páginas :
_c24 cm.
650 _aGEN
654 _aCDE
942 _cLIB
_dJUS
_fJUS
_2ddc
_n
999 _c16437
_d16437